Pokémon - Décodeur - Statistiques

Statistiques générales
  • Ce quiz a été pris 1 465 fois
  • Le résultat moyen est 22 sur 32
Statistiques - réponses
Lettre Indice Réponse % Correct
A Jeu sorti en 2001, version complémentaire de Pokémon Or Argent
90%
E Type commun à Fulguris, Magnéti et Motisma Électrik
90%
M Pokémon ayant la faculté d'imiter la forme de n'importe quelle autre créature Métamorph
90%
E Pokémon de type Spectre, forme finale de la seule famille de ce type en 1ère génération Ectoplasma
88%
R Type commun à Grolem, Tyranocif et Simularbre Roche
88%
J Membre de la Team Rocket aux longs cheveux rouges Jessie
87%
O Championne de type Eau de l'arène d'Azuria Ondine
87%
R Objet qui éloigne les Pokémon sauvages pendant 100 pas Repousse
87%
S Type commun à Steelix, Laggron et Nidoking Sol
87%
S Protagoniste du dessin animé de 1997 à 2023 Sacha
85%
R Capacité qui endort le lanceur pour 2 tours, mais qui soigne tous ses PV Repos
84%
J Acolyte de la première réponse en J James
82%
U Pokémon ours de la 2ème génération, ayant reçu une évolution avec Légendes Pokémon : Arceus Ursaring
82%
R Pokémon de type Fée qui dans le dessin animé adore chanter. Malheureusement, il ne chante que des berceuses et endort tout le monde ! Rondoudou
80%
S Pokémon légendaire de la 2ème génération, membre du trio des Fauves Suicune
79%
E Jeu sorti en 2005, successeur de Rubis et Saphir Émeraude
78%
U Capacité de type Normal très puissante, qui oblige le lanceur à se reposer après l'avoir utilisée Ultralaser
78%
L Pokémon apparaissant sur la jaquette de la version Lune Lunala
74%
E Capacité avec laquelle le lanceur ligote la cible et lui inflige des dégâts pendant plusieurs tours Étreinte
71%
L Objet produit par Écremeuh, qui soigne 100PV au Pokémon qui le consomme Lait Meumeu
70%
D Mécanique phare de la 8ème génération, qui rend les Pokémon gigantesques et boost leurs statistiques Dynamax
64%
I Capitale de la Région de Kalos, inspirée de Paris Illumis
64%
I Jeune fille originaire de Janusia à Unys, d'abord championne de cette ville puis Maître de la Ligue Iris
63%
N Type de fruits utilisé pour fabriquer des pokéballs spéciales Noigrume
61%
Message Un jour je serai le meilleur dresseur
53%
R Série de jeux où la capture de Pokémon est temporaire et s'effectue en traçant des cercles sur l'écran de la console Ranger
47%
E Objet exclusif à Sinnoh, qui permet d'accéder aux immenses souterrains qui s'étendent sous la région Explorakit
40%
U Grande ville de Sinnoh, située au centre de la région et où l'on peut trouver une cathédrale, le dôme des Concours et une arène de type Spectre Unionpolis
35%
U Plus grande île de la région d'Alola, inspirée de l'île d'Hawaï Ula-Ula
32%
E Ville de Johto accueillant le puits Ramoloss et l'arène de type Insecte d'Hector Écorcia
28%
E Personnage de Johto, qui poursuit inlassablement la réponse précédente Eusine
24%
L Archipel où se déroule l'action du jeu New Pokémon Snap Lentis
8%
Aucun quiz correspondant
Distribution des résultats
% des personnes avec chaque résultat
Percentile par nombre de réponses
Votre historique - résultats
Vous n’avez pas pris ce quiz